LEADER 01260nam a2200301 i 4500 001 000000170956 003 CaOOAMICUS 005 20080414000000.0 008 080414s2008 it u000 u ita u 013 $a148372 020 $a978-88-15-12186-8 040 $aSeMil$bita 100 1 $aPace, Enzo,$d<1944- >.$0(OLS)http://semarc/name/7059 245 10$aRaccontare Dio :$bla religione come comunicazione /$cEnzo Pace. 260 $aBologna :$bIl Mulino,$ccopy. 2008. 300 $a354 p. ;$c22 cm. 490 0 $aSaggi ;$v689. 500 $aContiene: Riferimenti bibliografici. 650 4$aLinguaggio religioso.$0(OLS)http://semarc/subject/1245 650 4$aSociologia - Religioni.$0(OLS)http://semarc/subject/7907 650 4$aReligione e comunicazione.$0(OLS)http://semarc/subject/32546 830 0$aSaggi ;$v689.$0(OLS)http://semarc/title/341 850 $aSeMil 852 $aSeMil$W1$xVenegono$y1$m2R II 223$j121833$B121833$CSeMilBibl$Z2$F133331 $81 961 $aAcquisto: Città Nuova (Agente) 996 $6020$a978-88-15-12186-8$9(OLS)http://semarc/number/158015 996 $6245$aRaccontare Dio :$bla religione come comunicazione$9(OLS)http://semarc/title/244541 996 $6260$aBologna :$bIl Mulino$9(OLS)http://semarc/publisher/29842 LEADER 01570nam a2200325 i 4500 001 000000361369 003 CaOOAMICUS 005 20250117120947.0 008 250117s2024 gw a u000 u fre u 020 $a978-3-402-16652-9 040 $aSeMil$bita 100 1 $aPohlé, Éric,$d<1980- >.$0(OLS)http://semarc/name/121323 245 10$aCrucifixa lux :$bvoir le Christ en croix selon saint Augustin prédicateur /$cÉric Pohlé ; avant-propos de Karin Schlapbach. 264 1$aMünster :$bAschendorff,$c2024. 300 $a684 p. :$bill. ;$c23 cm 490 1 $aParadosis ;$v61 502 $aTesto rivisto della tesi, Université de Fribourg, 2021 504 $aBibliographie, p. 611-650 600 04$aAgostino, Aurelio .$0(OLS)http://semarc/subject/1856 650 4$aCristologia - Dottrina agostiniana.$0(OLS)http://semarc/subject/35895 650 4$aGesù Cristo - Croce.$0(OLS)http://semarc/subject/5017 650 4$aTeologia della croce.$0(OLS)http://semarc/subject/4792 700 1 $aSchlapbach, Karin,$d<1969- >.$0(OLS)http://semarc/name/40860 830 0$aParadosis ;$v61.$0(OLS)http://semarc/title/420187 850 $aSeMil 852 $aSeMil$W1$xVenegono$y1$m2MA T 61$j253935$B252334$CSeMilBibl$Z2$F252334 $81 996 $6020$a978-3-402-16652-9$9(OLS)http://semarc/number/302238 996 $6245$aCrucifixa lux :$bvoir le Christ en croix selon saint Augustin prédicateur$9(OLS)http://semarc/title/452068 996 $6264$aMünster :$bAschendorff$9(OLS)http://semarc/publisher/29674